Encuentros III. Geografía e historia de España y de los paises hispánicos. 3º bachillerato
Salvato in:
| Autore principale: | |
|---|---|
| Natura: | Sconosciuto |
| Lingua: | spagnolo |
| Pubblicazione: |
Madrid
Bruño
1978
|
| Catalogo: | MANES: Risultati della ricerca del catalogo della biblioteca |
| Libro di testo Classificazione: |
|
| Tags: |
Aggiungi Tag
Nessun Tag, puoi essere il primo ad aggiungerne!!
|
| Aggiunto a: | 2016-04-26 |
MARC
| LEADER | 000000000a22000000004500 | ||
|---|---|---|---|
| 001 | 02999 | ||
| 003 | OSt | ||
| 008 | 160427s sp ||||| |||| 00| 0 spa d | ||
| 040 | |c centro_manes | ||
| 041 | 1 | |a spa | |
| 691 | 0 | |a SE | |
| 100 | 1 | |a Barreiro Barreiro, Clara |9 411 |a Caracuel Cáliz, Mª del Rosario |9 439 |a Jiménez López, José Antonio |9 413 | |
| 245 | 0 | 0 | |a Encuentros III. Geografía e historia de España y de los paises hispánicos. 3º bachillerato |
| 260 | 3 | |a Madrid |b Bruño |c 1978 | |
| 300 | |a 541 p. |c 26x19 cm | ||
| 500 | |a Fecha de publicación tomada del Depósito Legal | ||
| 690 | 7 | |a GEO | |
| 942 | |2 ddc |c BK | ||
| 546 | |a España | ||
| 999 | |c 8973 |d 8973 | ||
| 999 | |c manes:8973 |d 8973 | ||